| 000 | 01152nam a2200325 i 4500 | ||
|---|---|---|---|
| 003 | DO-SdBNP | ||
| 005 | 20260120123937.0 | ||
| 007 | ta | ||
| 008 | 091106s1980 dr 001 f spa d | ||
| 020 | _a8484000036 | ||
| 040 |
_aDO-SdBNP _bspa _cBNPHU _erda |
||
| 041 | _aspa | ||
| 082 | 4 |
_aRD863.3 _bG182e 1980 _222 |
|
| 100 | 1 |
_aGalván, Manuel de J. _q(Manuel de Jesús) _d1834-1910 _eautor _4aut. _928507 |
|
| 245 | 1 | 0 |
_aEnriquillo : _bleyenda histórica dominicana (1503-1538) / _cManuel de Jesús Galván ; prólogo, José Martí. |
| 264 | 1 |
_aSanto Domingo, D.N. : _bEditora Taller, _c1980. |
|
| 300 |
_a466 páginas ; _c21 cm. |
||
| 336 |
_atexto _btxt _2rdacontent |
||
| 337 |
_asin mediación _bn _2rdamedia |
||
| 338 |
_avolumen _bnc _2rdacarrier |
||
| 490 | 1 |
_aBiblioteca Taller _v48 |
|
| 590 | _aInventariado, 2026/BT | ||
| 600 | 1 | 4 |
_aEnriquillo _cCacique _d¿-1535 _914941 |
| 650 | 4 |
_aNovela histórica dominicana. _9860 |
|
| 650 | 4 |
_aLiteratura dominicana. _967 |
|
| 651 | 4 |
_aRepública Dominicana _xHistoria _y1503-1538 _914942 |
|
| 700 | 1 |
_aMartí, José, _d1853-1895 _eprologuista _4pr. _9645 |
|
| 910 | _aBtavárez | ||
| 942 |
_2ddc _cLBS1 |
||
| 999 |
_c60131 _d60131 |
||